000 02545cam a22004454i 4500
003 PE-LiUPU
005 20250731165423.0
008 160118s2014 pe a grm 000 0 spa d
035 _a(Sirsi) a155772
040 _aPE-LiUPU
_bspa
_cPE-LiUPU
_erda
099 _aTEF 2
_bM44 2014
100 1 _aMesares Damiano, Gloria Rosa.
_eautor
245 1 _aActividades de prevención primaria del pie diabético que realiza la (el) enfermero(o) y actividades de autocuidado que realiza el paciente con diabetes tipo 2 en el servicio de medicina del Hospital II Clínica Geriátrica San Isidro /
_cGloria Rosa Mesares Damiano.
264 0 _c2014.
300 _a141 hojas :
_bilustraciones;
_c30 cm
336 _atext
_2rdacontent
337 _aunmediated
_2rdamedia
338 _avolume
_2rdacarrier
502 _aTesis
_b(Lic.) --
_cUniversidad Peruana Unión,
_d2014.
504 _aIncluye referencias
520 3 _aEl desarrollo del pie diabético es una de las complicaciones más frecuentes de la diabetes que acelera la comorbilidad y la mortalidad en los pacientes. La metodología utilizada es descriptiva y transversal. Para la recolección de datos se aplicó una encesta a las enfermeras y pacientes diabéticos mayores de 18 años y que acepten participar en la investigación. Los resultados evidencian que el 83,6% de enfermeros realiza la valoración de los pies, el 90,5% imparte educación, el 76,4% pregunta si presentan cambios en la sensibilidad del pie y el 85,2% pregunta durante la entrevista si hay presencia de dolor en las extremidades inferiores, el 56,4% clasifica a sus pacientes en niveles de bajo o alto riesgo de desarrollar úlceras o amputaciones y el 53,8% informa al paciente sobre su categoría de riesgo de presentar pie diabético. Conclusión: La mayoría de las (los) enfermeras (os) realiza bastante actividades de prevención primaria del pie diabético y los pacientes realizan una moderada actividad de autocuidado para la prevención del pie diabético.
526 _aSEG44
526 _aSEG26
526 _aP151
526 _aP150
526 _aP149
526 _aP146
526 _aP145
526 _aP126
526 _aP125
526 _aP92
526 _aP75
526 _aP74
526 _aP27
526 _aP15
650 1 4 _aDiábetes
_xAtención al enfermo.
_vTesis.
596 _a1
942 _2ddc
_cTESIS
999 _aTEF 2 M44 2014
_wALPHANUM
_c8445
_iT01553
_lCCODEBUL3
_mBUL
_r1
_sY
_tTESIS
_u2016-1-18
_xSALUD
_PP22
_o.STAFF. Tesis
_d8445
980 _81
_gALBERTO SANCHEZ Responsable de Automatización